000 00619nam a2200205Ii 4500
003 JO-AjNU
008 230606s9999||||xx |||||||||||||| ||und||
020 _a978-1-4822-3148-9
040 _aJO-AjNU
_beng
_erda
_cJO-AjNU
041 _aeng
050 1 4 _aTA664.S67 2014
100 3 _aSozen, MetSantiago Pujol,
_eauthor
_94941
245 0 0 _aPrinciples of Reinforced concrete Design
264 3 1 _aNew York :CRC press ,2014
300 _a280P
336 _atext
_btxt
_2rdacontent
337 _aunmediated
_bn
_2rdamedia
338 _avolume
_bnc
_2rdacarrier
650 4 _aPrinciples of Reinforced concrete Design
_94942
999 _aE2556
_c2554
_d2554